000 00236nam a2200097Ia 4500
008 120527s9999 xx 000 0 und d
100 _aHERBERT,T.David.
245 _aCities in space city as place.
260 _bDavid Fulton
942 _cBK
999 _c23994
_d23994